• 首页
  • 本馆介绍
  • 公告通知
  • 最新文献
  • 馆藏检索
  • 电子资源
  • 读者导购
  • 参考咨询
  • 我的图书馆
  • 登录
  • 详细信息显示
  • 放入我的书架
  • 预约/预借图书
  • 作者相关作品
  • 分类相关作品
  • 丛书相关作品
  • 出版社相关作品

书目信息

  • 表格格式
  • 工作单格式
  • 卡片格式
题名:
当代知识论
    
 
作者: 波洛克 , 克拉兹 著 ;陈真 译
分册:  
出版信息: 上海   复旦大学出版社  2008
页数: 341页
开本: 23cm
丛书名: 哈佛教学用书哲学译丛
单 册:
中图分类: G302
科图分类:
主题词: 知识学--研究 , 知识学
电子资源:
ISBN: 978-7-309-06148-2
000 01086oam2 2200301 45
001 1050703797
005 20100416085306.60
010    @a978-7-309-06148-2@dCNY35.00
100    @a20100408d2008 ekmy0chiy0120 ea
101 1  @achi@ceng
102    @aCN@b310000
105    @ay z 000yy
106    @ar
200 1  @a当代知识论@ADang Dai Zhi Shi Lun@f(美)约翰·波洛克(John L. Pollock),(美)乔·克拉兹(Joseph Cruz)著@F( Mei ) Yue Han· Bo Luo Ke (John L. Pollock),( Mei ) Qiao· Ke La Zi (Joseph Cruz) Zhu@g陈真译
210    @a上海@c复旦大学出版社@d2008
215    @a341页@d23cm
225 2  @a哈佛教学用书哲学译丛
330    @a本书的主要任务是勾画当代西方认识论的逻辑概貌,并为直接实在论进行辩护。
461  0 @12001 @a哈佛教学用书哲学译丛
510 1  @aContemporary theories of knowledge@zeng
606 0  @a知识学@x研究
606 0  @a知识学
690    @aG302@v4
701  1 @a波洛克@ABo Luo Ke@g(Pollock, John L.)@4著
701  1 @a克拉兹@AKe La Zi@g(Cruz, Joseph)@4著
702  0 @a陈真@AChen Zhen@4译
801  0 @aCN@bTANGWEI@c20100416
905    @b0589677-81@dG302@e162@f5
    
    当代知识论/(美)约翰·波洛克(John L. Pollock),(美)乔·克拉兹(Joseph Cruz)著/陈真译.-上海:复旦大学出版社,2008
    341页;23cm.-(哈佛教学用书哲学译丛)
    
    
    ISBN 978-7-309-06148-2:CNY35.00
    本书的主要任务是勾画当代西方认识论的逻辑概貌,并为直接实在论进行辩护。
●
相关链接 在E读中查询图书 在五车中查询图书 在当当中查询图书 在豆瓣中查询图书


正题名:当代知识论     索取号:G302/162         预约/预借

序号 登录号 条形码 馆藏地/架位号 状态 备注
1 0589677   205896770   第一样本阅览室/ [索取号:G302/162] 在馆    
2 0589678   205896789   第四借阅区/ [索取号:G302/162] 在馆    
3 0589679   205896798   第四借阅区/ [索取号:G302/162] 在馆    
4 0589680   205896805   第四借阅区/ [索取号:G302/162] 在馆    
5 0589681   205896814   第四借阅区/ [索取号:G302/162] 在馆    
唐山师范学院图书馆 欢迎您!
大连网信软件有限公司© 版权所有